| 000 | 01285nam a2200325Ia 4500 | ||
|---|---|---|---|
| 001 | ebr10686892 | ||
| 003 | CaPaEBR | ||
| 006 | m u | ||
| 007 | cr cn||||||||| | ||
| 008 | 130425s2013 ne a sb 001 0 eng d | ||
| 020 | _z9789004235823 | ||
| 020 | _z9789004249332 (ebook) | ||
| 040 |
_aCaPaEBR _cCaPaEBR |
||
| 035 | _a(OCoLC)843117819 | ||
| 050 | 1 | 4 |
_aQL85 _b.H36 2013eb |
| 100 | 1 | _aHamilton, Lindsay. | |
| 245 | 1 | 0 |
_aAnimals at work _h[electronic resource] : _bIdentity, politics and culture in work with animals / _cby Lindsay Hamilton, Nik Taylor. |
| 260 |
_aLeiden ; _aBoston : _bBrill, _c2013. |
||
| 300 |
_axiii, 195 p. : _bill. |
||
| 490 | 1 |
_aHuman-animal studies ; _vvol. 16 |
|
| 504 | _aIncludes bibliographical references and index. | ||
| 533 |
_aElectronic reproduction. _bPalo Alto, Calif. : _cebrary, _d2013. _nAvailable via World Wide Web. _nAccess may be limited to ebrary affiliated libraries. |
||
| 650 | 0 | _aHuman-animal relationships. | |
| 650 | 0 | _aAnimal behavior. | |
| 655 | 7 |
_aElectronic books. _2local |
|
| 700 | 1 | _aTaylor, Nik. | |
| 710 | 2 | _aebrary, Inc. | |
| 830 | 0 |
_aHuman-animal studies ; _vvol. 16. |
|
| 856 | 4 | 0 |
_uhttp://site.ebrary.com/lib/rucke/Doc?id=10686892 _zAn electronic book accessible through the World Wide Web; click to view |
| 999 |
_c12544 _d12544 |
||